30 najsilniejszych państw świata - Statystyki

Ogólne statystyki
  • Ten quiz został rozwiązany 115 razy
  • Średni wynik to 23 z 30
Statystyki odpowiedzi
Number Odpowiedź % Poprawnych
3 Chiny
100%
1 Stany Zjednoczone
100%
4 Indie
99%
2 Rosja
99%
5 Wielka Brytania
97%
20 Polska
95%
9 Francja
93%
25 Niemcy
93%
12 Brazylia
92%
21 Hiszpania
87%
8 Japonia
87%
27 Kanada
87%
15 Ukraina
87%
10 Włochy
86%
11 Turcja
83%
6 Korea Południowa
82%
17 Iran
80%
14 Egipt
79%
18 Izrael
79%
28 Argentyna
78%
16 Australia
74%
7 Pakistan
74%
23 Arabia Saudyjska
71%
13 Indonezja
67%
30 Grecja
53%
19 Wietnam
53%
26 Algieria
51%
22 Tajwan
47%
24 Tajlandia
46%
29 Singapur
14%
Nie znaleziono quizów pasujących do podanych kryteriów
Rozkład punktacji
Procent ludzi z każdym wynikiem
Percentyl według liczby udzielonych odpowiedzi
Twoja historia wyników
Nie rozwiązałeś tego quizu